Caricamento...
കേരളകവിത 2010
| Natura: | Printed Book |
|---|---|
| Pubblicazione: |
kottayam
D C Books
2010
|
| Soggetti: |
| LEADER | 00433nam a22001337a 4500 | ||
|---|---|---|---|
| 020 | |a 9788126428755 | ||
| 082 | |a M 984.812 |b KER | ||
| 245 | |a കേരളകവിത 2010 | ||
| 260 | |a kottayam |b D C Books |c 2010 | ||
| 300 | |a 397p. | ||
| 650 | |a kerala kavitha 2010 | ||
| 942 | |c BK | ||
| 999 | |c 40034 |d 40034 | ||
| 952 | |0 0 |1 0 |4 0 |6 M_894_812000000000000_KER |7 0 |8 Stack |9 42770 |a KUCL |b KUCL |c M |d 2016-06-18 |l 3 |m 1 |o M 894.812 KER |p 40874 |r 2019-08-31 |s 2019-07-27 |y BK | ||